000 00281nam a22001337a 4500
008 170323b xxu||||| |||| 00| 0 eng d
020 _a0781702534
041 _aeng
080 _23 ED
_a616.9
100 _a8
101 _aSHM
245 _aVIROLOGY
_cFIELDS.B.N
942 _2udc
_cBK
999 _c8444
_d8444